000 01040cam a22002174a 4500
005 20250605163951.0
008 250528s ||||||||||||||||||||||||d
035 _a15375
020 _a135890454
040 _aGR-AtMCL
_bgre
_dGR-AtMCL
_eAACR2
245 1 _aModern Business Decisions / Player's Manual
260 _bPrentice Hall Inc,
_c1985
300 _a198
505 0 _aPreface, Overview, Decision Details, Decision Entry, The Business Environment, Setting Objectives and Strategies, Production and Research and Development, Marketing Your Product, Financial Environment of Your Firm, Simulation Reports, Appendixes, Index.
520 _aPreface, Overview, Decision Details, Decision Entry, The Business Environment, Setting Objectives and Strategies, Production and Research and Development, Marketing Your Product, Financial Environment of Your Firm, Simulation Reports, Appendixes, Index.
700 1 _aCotter V. Richard
_91282
700 1 _aFritzsche J. David
_91283
942 _cBK
999 _c961
_d961